Prepositions in Novel Titles Quiz Stats

 Plays Quiz Updated Mar 26, 2018

Challenge
Share
Tweet
Score 0/20 Timer 03:00
11 Plays Today
% Correct
Over
92.6%
Through
92.5%
For
91.4%
With
91.4%
About
89.6%
Among
89.1%
Of
85.3%
In
84.9%
On
81.3%
Without
78.5%
% Correct
After
72.5%
Across
61.7%
Before
56.5%
Under
55%
By
50.4%
Versus
49%
At
47.9%
To
46.6%
From
34.5%
Towards
31.5%

You're not logged in!

Compare scores with friends on all Sporcle quizzes.
Join for Free
OR
Log In

You Might Also Like...

Show Comments

Extras

Top Quizzes Today


Score Distribution

Your Account Isn't Verified!

In order to create a playlist on Sporcle, you need to verify the email address you used during registration. Go to your Sporcle Settings to finish the process.

Report this User

Report this user for behavior that violates our Community Guidelines.

Details: